00561 a2200145 4500020001500000040001300015082001600028245007300044260003700117300002800154650004500182700003000227856008500257856007300342 a0070017905 aDLCbDLC00a515.028536900aCalculus projects using Mathematica cAlfred D. Andrew ... [et al.]. aNew York :bMcGraw-Hill,cc1996. a200 p. :bill ;c26 cm. 0aCalculusxComputer-assisted instruction.1 aAndrew, Alfred D.,d1946-423Publisher descriptionuhttp://www.loc.gov/catdir/description/mh022/95081741.html423Table of contentsuhttp://www.loc.gov/catdir/toc/mh022/95081741.html